Statistics for States Won by Romney in the 2012 US Election

Click here to take the quiz!

General Stats

  • This quiz has been taken 489 times
  • The average score is 21 of 24

Answer Stats

State% Correct
Texas
96%
Alabama
94%
Georgia
94%
North Dakota
93%
South Carolina
92%
South Dakota
92%
Montana
89%
North Carolina
89%
Arkansas
88%
Utah
88%
Arizona
87%
Mississippi
87%
Nebraska
87%
Idaho
86%
Kansas
86%
Kentucky
85%
Louisiana
85%
Oklahoma
85%
Tennessee
84%
Wyoming
82%
Indiana
80%
Missouri
80%
Alaska
78%
West Virginia
74%

Score Distribution

Percentile by Number Answered

Percent of People with Each Score

Your Score History

You have not taken this quiz